| 000 | 02106cam a22003134a 4500 | ||
|---|---|---|---|
| 001 | 13978485 | ||
| 005 | 20170105102841.0 | ||
| 008 | 050523s2005 enk b 001 0 eng | ||
| 010 | _a 2005014879 | ||
| 020 | _a1844072142 (pbk. : alk. paper) | ||
| 020 | _a1844072134 (hbk. : alk. paper) | ||
| 035 | _a(OCoLC)ocm60515100 | ||
| 040 |
_aDLC _cDLC _dBAKER _dBWKUK _dIXA _dDLC |
||
| 042 | _apcc | ||
| 050 | 0 | 0 |
_aJZ5588 _b.H848 2005 |
| 082 | 0 | 0 |
_a327.1/72 _222 |
| 245 | 0 | 0 |
_aHuman and environmental security : _ban agenda for change / _cedited by Felix Dodds and Tim Pippard. |
| 260 |
_aLondon ; _aSterling, VA : _bEarthscan, _c2005. |
||
| 300 |
_axxv, 270 p. ; _c24 cm. |
||
| 504 | _aIncludes bibliographical references and index. | ||
| 505 | 0 | _aA more secure world / David Hannay -- The peacebuilding commission / Anders Lidén and Anna-Karin Eneström -- Human security and the war on terror / Oliver Richmond and Jason Franks -- Achieving nuclear non-proliferation / Marian Hobbs -- Women, war, and peace / Noeleen Heyzer -- Globalization, poverty, and security / Jan Pronk -- Trade and security in an interconnected world / Hilary Benn -- Climate change / Melinda Kimble -- Migration, development, and security / Devyani Gupta -- Securing a healthier world / Christine K. Durbak and Claudia M. Strauss -- Biodiversity and security / Jeffery A. McNeely -- Food security / Henrique B. Cavalcanti -- Water security / Patricia Wouters -- Urban safety / Anna Tibaijuka -- America as empire / Jim Garrison -- The emergence and role of regional governance / Sabin Intxaurraga -- Human and environmental rights / Hannah Griffiths -- Reforming environmental governance / Serge Lepeltier -- Democracy in an uncertain world / Felix Dodds. | |
| 650 | 0 | _aSecurity, International. | |
| 700 | 1 | _aDodds, Felix. | |
| 700 | 1 | _aPippard, Tim. | |
| 856 | 4 | 1 |
_3Table of contents only _uhttp://www.loc.gov/catdir/toc/fy0613/2005014879.html |
| 906 |
_a7 _bcbc _corignew _d1 _eecip _f20 _gy-gencatlg |
||
| 942 |
_2ddc _cBK |
||
| 999 |
_c13863 _d13863 |
||